Briançon - Choix multiples - Statistiques

Statistiques générales
  • Ce quiz a été pris 38 fois
    36 depuis la dernière actualisation
  • Le résultat moyen est 6 sur 10
Statistiques - réponses
Question Réponse % Correct
Quelle rivière longue de plus de 300 kilomètres constitue le principal cours d'eau passant par Briançon ? La Durance
96%
Dans quelle province historique de France se situe Briançon ? Le Dauphiné
92%
Quel col culminant à 2 362 mètres d'altitude fait 19 km d'ascension depuis Briançon vers le sud ? Le col d'Izoard
88%
Quel col culminant à 2 642 mètres d'altitude fait plus de 30 kilomètres d'ascension depuis Briançon vers le nord-ouest ? Le col du Galibier
80%
Comment appelle-t-on les canalisations hydrauliques historiques qui sont aujourd'hui un trait caractéristique de la vieille ville ? Les Gargouilles
72%
Reconnaissez-vous Briançon sur l'une de ces images ?
60%
Quelle ville italienne célèbre pour avoir retenu prisonnier l'homme au masque de fer et Nicolas Fouquet donne son nom à la porte qui ferme le haut de Briançon ?

Entre parenthèses, les noms italiens.
Pignerol (Pinerolo)
56%
Quel coureur cycliste italien surnommé "Le Pieux" pour sa foi profonde remporta la 13e étape du Tour de France 1948 à Briançon avant de gagner le classement final ? Gino Bartali
28%
Quel pape fut retenu captif à Briançon pendant deux mois par les révolutionnaires français du Directoire ? Pie VI
28%
Au cours de quelle guerre de Louis XIV l'ancienne église de Briançon fut détruite ce qui incita Vauban à construire l'actuelle imposante collégiale Notre-Dame-et-Saint-Nicolas en 1703 ? La Guerre de la Ligue d'Augsbourg
16%
Aucun quiz correspondant
Distribution des résultats
% des personnes avec chaque résultat
Percentile par nombre de réponses
Votre historique - résultats
Vous n’avez pas pris ce quiz depuis la dernière actualisation